| 000 | 01118cam a2200313 i 4500 | ||
|---|---|---|---|
| 001 | 18025857 | ||
| 003 | EG-ScBUE | ||
| 005 | 20230411111550.0 | ||
| 008 | 140131s2015 maua f bdf 001 0 eng d | ||
| 020 | _a9780415842792 (pbk) | ||
| 040 |
_aDLC _beng _erda _cDLC _dEG-ScBUE |
||
| 082 | 0 | 4 |
_a791.43025 _bRIZ _222 |
| 100 | 1 |
_aRizzo, Michael, _eauthor. _938247 |
|
| 245 | 1 | 4 |
_aThe art direction handbook for film & television / _cMichael Rizzo. |
| 250 | _aSecond edition. | ||
| 264 | 1 |
_aBurlington ; _aOxon : _bTaylor & Francis Group / Focal Press, _c2015. |
|
| 300 |
_axii, 530 pages : _billustrations (some color) ; _c24 cm |
||
| 336 |
_2rdacontent _atext _btxt |
||
| 337 |
_2rdamedia _aunmediated _bn |
||
| 338 |
_2rdacarrier _avolume _bnc |
||
| 500 | _aIncludes glossary. | ||
| 504 | _aIncludes bibliographical references and index. | ||
| 650 | 7 |
_aMotion pictures _xArt direction _vHandbooks, manuals, etc. _2BUEsh |
|
| 650 | 7 |
_aTelevision _xArt direction _vHandbooks, manuals, etc. _2BUEsh |
|
| 651 | _2BUEsh | ||
| 653 |
_bCOMAME _cJune2015 _cJuly2015 |
||
| 655 | _vReading book | ||
| 942 |
_2ddc _k791.43025 RIZ _cBB |
||
| 999 |
_c20015 _d19987 |
||